De Caligari a Hitler (Registro nro. 16644)

Detalles MARC
000 -LEADER
campo de control de longitud fija 00794nam a22002535i 4500
001 - NÚMERO DE CONTROL
campo de control 16644
003 - IDENTIFICADOR DE NÚMERO DE CONTROL
campo de control ES-MaACL
005 - FECHA Y HORA DE LA ÚLTIMA TRANSACCIÓN
campo de control 20250814084232.0
007 - CAMPO FIJO DE DESCRIPCIÓN FÍSICA--INFORMACIÓN GENERAL
campo de control de longitud fija t|
008 - DATOS DE LONGITUD FIJA--INFORMACIÓN GENERAL
campo de control de longitud fija 001020s1995 sp f 00100 spa
020 ## - NÚMERO INTERNACIONAL ESTÁNDAR DEL LIBRO
Número Internacional Estándar del Libro 84-7509-336-1
080 ## - NÚMERO DE LA CLASIFICACIÓN DECIMAL UNIVERSAL
Número de la Clasificación Decimal Universal 791.43(430)
100 1# - ENTRADA PRINCIPAL--NOMBRE DE PERSONA
Nombre de persona Kracauer, Siegfried.
9 (RLIN) 68692
245 10 - MENCIÓN DEL TÍTULO
Título De Caligari a Hitler
Resto del título : una historia psicológica del cine alemán /
Mención de responsabilidad, etc. Siegfried Kracauer.
250 ## - MENCION DE EDICION
Mención de edición 1ª reimp.
260 ## - PUBLICACIÓN, DISTRIBUCIÓN, ETC.
Lugar de publicación, distribución, etc. Barcelona :
Nombre del editor, distribuidor, etc. Paidós Ibérica,
Fecha de publicación, distribución, etc. 1995.
300 ## - DESCRIPCIÓN FÍSICA
Extensión 350 p., [32] p. de lám. ;
Dimensiones 24 cm.
490 1# - MENCIÓN DE SERIE
Mención de serie Paidós comunicación ;
Designación de volumen o secuencia 73.
Mención de serie Cine
504 ## - NOTA DE BIBLIOGRAFÍA, ETC.
Nota de bibliografía, etc. Bibliografía: p. 319-327.
650 14 - PUNTO DE ACCESO ADICIONAL DE MATERIA--TÉRMINO DE MATERIA
Término de materia o nombre geográfico como elemento de entrada Cine-
Subdivisión geográfica Alemania.
9 (RLIN) 11012
830 10 - PUNTO DE ACCESO ADICIONAL DE SERIE-TÍTULO UNIFORME
Título uniforme Paidós comunicación.
Nombre de parte o sección de la obra Cine
Designación de volumen o secuencia 73.
9 (RLIN) 180012
852 ## - LOCALIZACIÓN
Ubicación ES-MaACL
Número de control de estantería L-23635
Existencias
Estatus retirado Estado de pérdida Estado de daño No para préstamo Biblioteca de origen Biblioteca actual Ubicación en estantería Fecha de adquisición Fuente de adquisición Total de préstamos Signatura topográfica completa Código de barras Visto por última vez Precio de reemplazo Tipo de ítem Koha
        Biblioteca del Ateneo de Madrid Biblioteca del Ateneo de Madrid Depósito 2 17/01/2008     L-23635 1016906 23/02/2023 23/02/2023 Libro impreso